湖北户籍人口最多的20个县级行政区 20 most populous county-level regions in Hubei - Statistics

General Stats
  • This quiz has been taken 35 times
  • The average score is 15 of 20
Answer Stats
户籍人口/万 地市与排名 县区 % Correct
158 省直辖 天门市
97%
152 省直辖 仙桃市
97%
99 省直辖 潜江市
97%
110 武汉3 武昌区
90%
135 武汉1 洪山区
87%
114 黄冈1 麻城市
84%
100 黄石2 大冶市
84%
117 武汉2 黄陂区
81%
155 荆州1 监利市
74%
100 襄阳2 襄州区
74%
103 荆门1 钟祥市
71%
96 武汉4 新洲区
71%
104 孝感1 汉川市
68%
94 孝感2 孝南区
68%
100 黄冈2 黄梅县
65%
97 荆州2 公安县
65%
112 黄石1 阳新县
58%
111 襄阳1 枣阳市
58%
99 黄冈3 蕲春县
52%
98 黄冈4 浠水县
45%
No matching quizzes found
Score Distribution
Percent of People with Each Score
Percentile by Number Answered
Your Score History
You have not taken this quiz